| 000 | 00703nam a2200241Ia 4500 | ||
|---|---|---|---|
| 003 | OSt | ||
| 005 | 20220918164720.0 | ||
| 006 | a|||||r|||| 00| 0 | ||
| 007 | ta | ||
| 008 | 220917b |||||||| |||| 00| 0 eng d | ||
| 020 | _a0714648523 (hbk) | ||
| 024 | _a36,979 | ||
| 037 | _cTextual | ||
| 040 |
_aARTS _cARTS _beng |
||
| 041 |
_2eng _aeng |
||
| 082 | _aX8(MV41).1.1N, N8 | ||
| 245 | 0 | _aPolitics and economics of defence industries edited by Efraim Inbar and Benzion Zilberfarb | |
| 260 |
_aLondon _bFrank Cass _c1998 |
||
| 300 |
_axfviii,225p. _ccm. |
||
| 650 |
_aDEFENCE INDUSTRY; ECONOMICS _920232 |
||
| 942 |
_hX8(MV41).1.1N, N8 _cTEXL _2CC |
||
| 999 |
_c126115 _d126115 |
||